000 006500000a22002050004500
090 _aAR
_b00139
245 1 0 _aIntroducción al estudio de las hormigas (<Hymenoptera: Formicidae>) de Colombia
650 1 4 _aEntomología
_94483
650 1 4 _aSistemática animal
_992968
650 1 4 _aFilogenética
_94310
651 4 _pColombia
_992749
653 _vhormigas
041 0 _aEspañol
700 1 _aMackay, William P.
_992605
700 1 _aPalacio, Edgard E.
_992992
700 1 _aMackay de, Emma S.
_992993
100 1 _aFernández Castiblanco, Fernando
_94332
942 _cARTICULO
773 1 _tInsectos de Colombia: estudios escogidos
_328
_q1-1
_d1996
999 _c9240
_d9240